000 00349nam a2200145Ia 4500
008 191201s2009 xx 000 0 und d
082 _a510
_bKOD
100 _aKOLMAN, Bernard
245 0 _aDiscrete Mathematical Structures
250 _a6th Ed.
260 _aN. delhi
_bPHI
_c2009
300 _a522+9
650 _aB.Tech(CSE)
942 _2ddc
_cBK
_01
999 _c4570
_d4570